000 01211nam a22003257a 4500
003 CHAP
005 20220329134602.0
008 971013s r 00010 d
010 _a22574
011 _a23546
035 _a27642
040 _cCHAP
082 _a634.90994
_bA8
111 0 0 _aAustralia. Department of National Development. Forestry and Timber Bureau.
_98380
245 _aAnnual report, 19 -
260 _a(Melbourne) :
_bAustralia. Department of National Development. Forestry and Timber Bureau,
_c19 -
300 _av.
_b: ilus
500 _aLa biblioteca tiene: 1963, 1964, 1968
590 _aBATCH-UPD
_b10
_c20130110
_lUCH01
_h1618
590 _aBATCH-UPD
_b10
_c20130410
_lUCH01
_h1012
590 _aBATCH-UPD
_b10
_c20130914
_lUCH01
_h0709
590 _aCONVERSION
_b10
_c20130109
_lUCH01
_h1313
650 1 4 _aBosques
_xInvestigación.
_914282
650 1 4 _aProductos forestales.
_992059
901 _aBK
942 _cLIBRO
949 _a634.90994 A8
_bBC
_cLIBRO
_d33724000639233
_eLIBRO
_f1968
_h52545
_i27642
_mD
_si
949 _a634.90994 A8
_bBC
_cLIBRO
_d33724000766564
_eLIBRO
_f1963
_h52543
_i27642
_mD
_sb
949 _a634.90994 A8
_bBC
_cLIBRO
_d33724000766580
_eLIBRO
_f1964
_h52544
_i27642
_mD
_sb
999 _c22574
_d22574